000
00282nam a22001337a 4500
008
170525b xxu||||| |||| 00| 0 eng d
020
_a
9783540528654
041
_a
ger
080
_a
621
100
_a
26
101
_a
IM
245
_a
ENERGIETECHNIK
_c
KUGELER,K
942
_2
udc
_c
BK
999
_c
14225
_d
14225